Elementary agriculture (Record no. 552933)
[ view plain ]
| 000 -LEADER | |
|---|---|
| fixed length control field | 00506cam a2200145K 4500 |
| 082 04 - DEWEY DECIMAL CLASSIFICATION NUMBER | |
| Classification number | 630 |
| Author Mark | WEB |
| 100 1# - MAIN ENTRY--PERSONAL NAME | |
| Personal name | Webb, Henry J |
| 9 (RLIN) | 50211 |
| 245 10 - TITLE STATEMENT | |
| Title | Elementary agriculture |
| Statement of responsibility, etc. | by James S. Grim. |
| 260 ## - PUBLICATION, DISTRIBUTION, ETC. | |
| Place of publication, distribution, etc. | Boston, |
| -- | New York [etc.] |
| Name of publisher, distributor, etc. | Allyn and Bacon |
| Date of publication, distribution, etc. | [c1916] |
| 300 ## - PHYSICAL DESCRIPTION | |
| Extent | 1 online resource (xvi p., 1 l., 490, 12 p.) |
| Other physical details | front., illus. |
| 526 ## - STUDY PROGRAM INFORMATION NOTE | |
| Program name | 0 |
| Interest level | 0 |
| Reading level | 0 |
| Title point value | 630_000000000000000_WEB |
| 650 #0 - SUBJECT ADDED ENTRY--TOPICAL TERM | |
| Topical term or geographic name entry element | Agriculture. |
| 9 (RLIN) | 25855 |
| 856 40 - ELECTRONIC LOCATION AND ACCESS | |
| Uniform Resource Identifier | <a href="http://catalog.hathitrust.org/api/volumes/oclc/4998581.html">http://catalog.hathitrust.org/api/volumes/oclc/4998581.html</a> |
| 942 ## - ADDED ENTRY ELEMENTS (KOHA) | |
| Source of classification or shelving scheme | |
| Koha item type | Book |
| Withdrawn status | Lost status | Source of classification or shelving scheme | Damaged status | Not for loan | Permanent Location | Current Location | Shelving location | Date acquired | Total Checkouts | Full call number | Barcode | Date last seen | Price effective from | Koha item type |
|---|---|---|---|---|---|---|---|---|---|---|---|---|---|---|
| Military College of Engineering (MCE) | Military College of Engineering (MCE) | 01/27/2015 | 630 WEB | MCE-ECE.1 | 01/27/2015 | 01/27/2015 | Book |
